| 000 | 01065nam a2200253Ia 4500 | ||
|---|---|---|---|
| 003 | OSt | ||
| 005 | 20200908155530.0 | ||
| 008 | 191128s1966 sp gr 000 0 spa d | ||
| 040 |
_aCO-JMCR _cCO-JMCR |
||
| 041 | 0 | _aspa | |
| 082 | 0 | 4 |
_a382 / _bV782c _223 |
| 100 | 1 |
_aViner, Jacob, _eautor _99987 |
|
| 245 | 1 | 0 |
_aComercio internacional y desarrollo económico / _cJacob Viner; traducción Jacinto Ros Hombravella |
| 250 | _aSegunda edición | ||
| 260 |
_aMadrid : _bTecnos, _c1966. |
||
| 300 |
_a173 páginas ; _c24 cm. |
||
| 490 | 0 | _aCiencias sociales ; economía | |
| 505 | 0 | _aLa teoría clásica del comercio internacional y los problemas actuales -- Las tendencias recientes en teoría del mecanismo del comercio internacional -- Las ganancias obtenidas del comercio exterior -- Interrelaciones entre las políticas monetaria y fiscal | |
| 534 | _pInternational trade and economic development | ||
| 650 | 2 | 4 |
_aDesarrollo económico _99988 |
| 650 | 2 | 4 |
_aComercio exterior _94820 |
| 700 | 1 |
_aRos Hombravella, Jacinto, _e traductor _99989 |
|
| 942 |
_2ddc _cBK |
||
| 999 |
_c3735 _d3735 |
||